Central Library OPAC University of Rajshahi

পত্র-সাহিত্য ডঃ মুহম্মদ শহীদুল্লাহ্ / (Record no. 71524)

MARC details
000 -LEADER
fixed length control field 00959nam a2200229 a 4500
001 - CONTROL NUMBER
control field 71524
003 - CONTROL NUMBER IDENTIFIER
rucl marc code BD-RjUL
005 - DATE AND TIME OF LATEST TRANSACTION
control field 20211209082127.0
008 - FIXED-LENGTH DATA ELEMENTS--GENERAL INFORMATION
fixed length control field 170504s1987 bg |||| |||| 000 0 ben d
020 ## - INTERNATIONAL STANDARD BOOK NUMBER
Terms of availability : Tk. 32.00
035 ## - SYSTEM CONTROL NUMBER
System control number (BD-RjUL)71740
040 ## - CATALOGING SOURCE
Original cataloging agency BD-RjUL
Language of cataloging ben
Transcribing agency BD-RjUL
Modifying agency BD-RjUL
041 ## - LANGUAGE CODE
Language code of text/sound track or separate title ben
082 ## - DEWEY DECIMAL CLASSIFICATION NUMBER
Edition number 23
Classification number 891.4409
Author mark and year PAT 1987
100 1# - MAIN ENTRY--PERSONAL NAME
Personal name ইসলাম, আ. মু. মু. নূরুল
9 (RLIN) 211633
245 10 - TITLE STATEMENT
Title পত্র-সাহিত্য ডঃ মুহম্মদ শহীদুল্লাহ্ /
Statement of responsibility, etc. আ. মু. মু. নূরুল ইসলাম
260 ## - PUBLICATION, DISTRIBUTION, ETC. (IMPRINT)
Place of publication, distribution, etc. ঢাকা :
Name of publisher, distributor, etc. ইসলামিক ফাউণ্ডেশন,
Date of publication, distribution, etc. ১৯৮৭ [১৪০৭]
300 ## - PHYSICAL DESCRIPTION
Pagination ১৯৪ পৃ. ;
Size ২৭ সেমি.
650 ## - SUBJECT ADDED ENTRY--TOPICAL TERM
Topical term or geographic name as entry element বাংলা সাহিত্য
General subdivision ইতিহাস ও সমালোচনা
9 (RLIN) 211634
Topical term or geographic name as entry element Bengali Literature
General subdivision History and criticism
9 (RLIN) 211635
942 ## - ADDED ENTRY ELEMENTS (KOHA)
Source of classification or shelving scheme Dewey Decimal Classification
Koha item type Books
Holdings
Lost status Source of classification or shelving scheme Damaged status Not for loan Collection code Permanent Location Current Location Shelving location Date acquired Source of acquisition Cost, normal purchase price Total Checkouts Full call number Date last seen Copy number Koha item type
  Dewey Decimal Classification   Not For Loan Non-fiction Central Library, University of Rajshahi Central Library, University of Rajshahi Reading Room 05/03/1996 Islamic foundation 32.00   B 891.4409 PAT 1987 04/05/2017 C-1 Books